000
00322 a2200109 4500
001
ART_28074
005
20260410161951.0
008
260409a
245
1
0
_a
The cash flow model with float
100
1
_a
Apreda, Rodolfo
773
0
_t
Journal of applied economics
_g
- Vol. 2, NÂș 2 (nov. 1999)
_w
REV28044
999
_c
30358
_d
30358